Statistics for Serve the Servants - Nirvana

Click here to take the quiz!

General Stats

  • This quiz has been taken 29 times
  • The average score is 144 of 178

Answer Stats

Answer% Correct
A
100%
a
100%
and
100%
I
100%
no
100%
Now
100%
angst
95%
has
95%
I'm
95%
old
95%
paid
95%
Teenage
95%
the
95%
we
95%
well
95%
bore
90%
bored
90%
off
90%
oh
90%
Self
90%
servants
90%
Serve
90%
appointed
80%
If
80%
is
80%
not
80%
then
80%
have
75%
judge
75%
judges
75%
like
75%
she
75%
they
75%
They
75%
thought
75%
to
75%
witch
75%
floats
70%
had
70%
just
70%
More
70%
than
70%
you
70%
dad
65%
father
65%
hate
65%
my
65%
that
65%
That
65%
As
60%
divorce
60%
Don't
60%
hard
60%
know
60%
legendary
60%
really
60%
sold
60%
such
60%
tried
60%
want
60%
another
55%
bad
55%
bones
55%
did
55%
hurt
55%
Instead
55%
lot
55%
nothing
55%
Salem's
55%
say
55%
anymore
50%
before
50%
down
50%
grew
50%
haven't
50%
on
50%
There
50%
at
45%
could
45%
One
45%
payment
45%

Score Distribution

Percentile by Number Answered

Percent of People with Each Score

Your Score History

You have not taken this quiz